HGGSP : Les enjeux de la connaissance - Statistiques

Statistiques générales
  • Ce quiz a été pris 1 434 fois
  • Le résultat moyen est 23 sur 81
Statistiques - réponses
Question Réponse % Correct
VRAI ou FAUX : l'éducation des femmes est aujourd'hui un problème résolu. Faux
72%
Quelle femme de sciences fait figure de "rôle modèle" pour l'éducation féminine ? Marie Curie
71%
à partir de quelle siècle les disciplines scientifiques se spécialisent et s'autonomisent-elles ? XIXe siècle
71%
Quel pays mise sur le développement de sa connaissance pour devenir une puissance ? Inde
65%
Sur quel phénomène physique travaillent-ils ? Radioactivité
65%
Que découvre sa fille Irène en 1934 ? Radioactivité artificielle
65%
Cela ouvre la porte à la fission ou à la fusion du noyau d'uranium ? Fission
64%
Que remporte-t-elle en 1903 pour ses travaux sur le rayonnement naturel ? Prix Nobel
62%
Qui théorise le concept de "société de la connaissance" en 1969 ? Peter Drucker
61%
Quel état possède la majeure partie des data center ? (44%) USA
61%
Traditionnellement, de combien de couche est "constituée" le cyberespace ? 3
60%
Dans quelle ville cette bombe est-elle utilisée pour la première fois ? Hiroshima
59%
Quel site internet de mutualisation du savoir symbolise ce nouveau rapport à la connaissance ? Wikipédia
59%
Quel homme politique modernise l'école primaire à la fin du XIXe siècle ? Jules Ferry
58%
Au choix :Ainsi ce pays utilise la connaissance pour gagner en : Hard Power ou Soft Power. Soft power
57%
Quelle agence soviétique est une organisation spécialisée dans les services secrets et dans le contrôle du pays ? KGB
56%
Quelle agence américaine est créée à la suite de cette loi ? CIA
55%
Quel scientifique d'origine allemande soutient ce projet dès l'avant guerre afin de ne pas laisser la matrise de l'atome à l'allemagne nazie ? Einstein
52%
Quelle bibliothèque, symbole du savoir antique, disparaît dans un incendie ? Bibliothèque d'Alexandrie
51%
Qui est à la tête de ce projet ? Oppenheimer
51%
Quel "projet", commençant en 1939, se base sur la réaction en chaîne contrôlée (Travaux d'Irène Curie) ? Projet Manhattan
50%
Quelle bombe est créée à la conclusion de ce projet ? Bombe atomique
49%
Au choix :Ainsi ce pays utilise la connaissance pour gagner en : Hard Power ou Soft Power. Hard power
43%
D'où vient Malala, jeune militante incarnant ce défi toujours présent de l'éducation des femmes ? Afghanistan
41%
Dans quelle université enseigne-t-elle après la mort de son mari Pierre ? Sorbonne
39%
Quand ce phénomène est-il découvert par Becquerel ? 1896
38%
Quel sigle est utilisé pour désigner les grandes entreprises américaines du cyberespace ? GAFAM
36%
Quelle crise commence par des photographies prises par les services secrets américains ? crise de Cuba
35%
à quelle période historique les universités, nouveau lieu de la connaissance, se diffusent-elles ? Moyen-Âge
35%
Qui a écrit Emile ou de l'éducation ? Rousseau
34%
Avec quel continent ce pays développe-t-il ses liens par le biais de partenariat éducatif ? Afrique
32%
à partir de quelle décennie l'alphabétisation est-elle vue comme un facteur d'émancipation ? année 70
32%
Quel pays subit une cyberattaque israélo-américaine appelé Stuxnet ? Iran
31%
Quel couple, vivant aux USA, symbolise l'espionnage soviétique en Amérique ? Rosenberg
31%
Quel état balte subit une cyberattaque russe en 2007 ? Estonie
30%
Quel américain, ancien de la NSA, a révélé le vaste espionnage de l'état fédéral en 2013 ? Edward Snowden
27%
Quel italien développe la lunette astronomique ? Galilée
27%
Quelle ville italienne a la plus ancienne université du monde occidental ? Bologne
26%
Qui théorise le concept de "destruction créatrice" ? Joseph Schumpeter
24%
Qu'est-ce qui permet l'émergence de ce concept ? Démocratisation savoir - mondialisation échange - Nouvelles technologies de l'information - Internet
23%
Quel événement religieux marque une rupture dans le rapport au savoir ? La Réforme protestante
23%
Quel type de pays est aujourd'hui principalement confronté aux défis de l'éducation des femmes ? pays en développement
23%
Quelle agence nationale est chargée de la sécurité des systèmes d'information ? (Sigle attendu) ANSSI
19%
Stanford se situe deuxième au classement mondial des universités ? Quel est ce classement ? classement de Shanghai
19%
à quelle période historique apparaissent les académies scientifiques ? époque moderne
19%
Quel humaniste, né à Rotterdam, apporte une nouvelle pensée de l'éducation au XVIe siècle ? Erasme
19%
Quel théologien de l'époque de Louis XIV questionne l'éducation des femmes ? Fenelon
18%
Pour quel objectif l'éducation des femmes est-elle considérée à l'époque moderne ? Afin de mieux élever enfant
17%
De quelle influence les Républicains veulent-ils éloigner les femmes ? église
17%
Quel est le nom de la police politique d'ex-Allemagne de l'Est souhaitant utiliser la connaissance de sa population comme outil politique ? Stasi
17%
Quel état insulaire compte sur sa maîtrise des semi-conducteurs, et donc de la connaissance, pour assurer sa sécurité ? Taiwan
16%
Quel nom donne-t-on au militant utilisant internet afin de contester le pouvoir ? Hacktiviste
15%
Qu'est-ce qui constitue la troisième couche ? Information - Communication - Données
15%
Dans quel pays un espion, supposément au service de Hong Konh, est-il retrouvé mort en mai 2024 ? Royaume-Uni
15%
Quand le réseau Arpanet est-il développé par le ministère de la défense américaine ? 1969
14%
En quelle année le cyberespace devient-il un lieu pensé pour la cyberattaque français ? 2019
14%
Dans quel secteur Emmanuel Macron appelle les entreprises françaises à investir dans cette décennie ? Intelligence artificielle
13%
De quel learning region Stanford est-elle au centre ? Silicon Valley
13%
Quelle est l'autorité de la cyberdéfense française, sous la direction du ministère des armées ? COMCYBER
12%
Quelle organisation installe en 2008 une base à Tallinn afin de coopérer face à cette menace ? OTAN
12%
Qu'est-ce qui constitue la seconde couche ? Logiciel - Programme - Application
11%
Quelle loi fédérale américaine est mise en place en 1947 ? National security Act
10%
Qu'est-ce qui constitue la première couche ? Data center - cable sous-marin- satellites -
9%
En opposition au latin, comment sont écrites les bibles afin de faciliter une plus grande transmission des textes ? Langue vernaculaire
9%
Quel est l'un des surnoms de ce pays (en lien avec la connaissance) ? "bureau du monde
8%
Pour quel domaine l'expression "Projet Manhattan" est-il repris ? Environnement
8%
Quand ce pays met-il en place les IIT ? 1961
7%
Quel est le nom de l'avion de combat français acheté par le pays étudié ? Mirage
7%
Quelle est la date de la première CONFINTEA ? 1949
6%
Quelle organisation, spécialiste dans la recherche sur le nucléaire, basée en suisse regroupe 23 partenaires et symbolise la coopération scientifique ? CERN
6%
Qui a proclamé la déclaration d'indépendance du cyberespace en 1996 ? John Barlow
6%
Au final, la connaissance permet à ce pays de devenir... Smart power
6%
Quel physicien allemand, ayant participé au projet Manhattan, diffuse des informations sur la bombe A ? Klaus Fuchs
5%
Comment s'appelle le logiciel développé par une entreprise israélienne afin d'écouter les téléphones de différentes personnalités ? Pegasus
5%
Tandis que Machlup (1902-1983) met lui en avant le concept de ? économie de la connaissance
4%
Qui est alors la ministre des armées françaises ? Florence Parly
4%
Sur quoi la France décide-t-elle de miser pour se distinguer du géant américain dès les années 1980 ? Minitel
4%
Quelles sont, traditionnellement, les trois formes de menace dans le cyberespace ? (ordre alphabétique attendu et séparation avec -) Espionnage - Sabotage - Subversion
2%
Qui théorise le concept de "scientifisation du politique" ? Jurgen Habermas
2%
Quel ancien CEO (PGD) de Twitter est formé dans une IIT avant de finir son cycle universitaire à Stanford ? Parag Agrawal
1%
La hausse des cyberattaques et le recours aux nouvelles technologies s'inscrivent dans une nouvelle logique de penser la guerre depuis les années 1990. Quel nom donne-t-on à cela ? Révolution des affaires militaires
0%
Aucun quiz correspondant
Distribution des résultats
% des personnes avec chaque résultat
Percentile par nombre de réponses
Votre historique - résultats
Vous n’avez pas pris ce quiz